000 00532nam a2200193Ia 4500
005 20260119144222.0
008 008 260114s9999 xx 000 0 eng d
020 _a9780128211618
037 _aEBOOK
040 _aCRL
_beng
_cCRL
041 _aeng
_2eng
084 _qCRL
100 _aPrince Godson
_9903023
245 0 _aEcology and Biodiversity of Benthos
260 _aElsevier
_bElsevier
_c2022
856 _uhttps://www.sciencedirect.com/science/book/9780128211618
942 _cEBOOK
999 _c1495115
_d1495115